UM Logo

Global perspectives on physical education and after-school sport programs / (Record no. 13792)

MARC details
000 -LEADER
fixed length control field 00718nam a22001817a 4500
008 - FIXED-LENGTH DATA ELEMENTS--GENERAL INFORMATION
fixed length control field 190410b ||||| |||| 00| 0 eng d
020 ## - INTERNATIONAL STANDARD BOOK NUMBER
International Standard Book Number 9780761861188
082 ## - DEWEY DECIMAL CLASSIFICATION NUMBER
Edition number 2013
Classification number AV-Eb 796.071
Item number T482
100 ## - MAIN ENTRY--PERSONAL NAME
Personal name Thomson,Jepkorir Rose Chepyator.editor
9 (RLIN) 38319
245 ## - TITLE STATEMENT
Title Global perspectives on physical education and after-school sport programs /
Statement of responsibility, etc. edited by Jepkorir Rose Chepyator-Thomson and Shan-Hui Hsu
260 ## - PUBLICATION, DISTRIBUTION, ETC. (IMPRINT)
Name of publisher, distributor, etc. UPA,
Date of publication, distribution, etc. ©2013.
300 ## - PHYSICAL DESCRIPTION
Extent 249 pages;
500 ## - GENERAL NOTE
General note Includes index.
650 ## - SUBJECT ADDED ENTRY--TOPICAL TERM
Topical term or geographic name as entry element Physical education and training. Sports.
9 (RLIN) 38320
700 ## - ADDED ENTRY--PERSONAL NAME
Personal name Hui Hsu,Shan.editor
9 (RLIN) 38321
856 ## - ELECTRONIC LOCATION AND ACCESS
Link text https://ebookcentral.proquest.com/lib/uniofmindanao-ebooks/detail.action?docID=1392790
942 ## - ADDED ENTRY ELEMENTS (KOHA)
Source of classification or shelving scheme Dewey Decimal Classification
Koha item type Ebooks
Holdings
Withdrawn status Lost status Source of classification or shelving scheme Damaged status Not for loan Home library Current library Shelving location Date acquired Source of acquisition Total Checkouts Full call number Barcode Date last seen Copy number Price effective from Koha item type
    Dewey Decimal Classification     UM Digos College - LIC UM Digos College - LIC Processing Center 04/10/2019 Downloaded   AV-Eb 796.071 T482 Eb161 04/10/2019 1 04/10/2019 Ebooks